| 000 | 00596nam a2200229Ia 4500 | ||
|---|---|---|---|
| 005 | 20250425162011.0 | ||
| 008 | 250425s9999 xx 000 0 und d | ||
| 041 | _aspa | ||
| 082 | _a664.028 | ||
| 100 | _aDIAZ BRAVO, PABLO | ||
| 245 | 0 | _aBALANCE DE MATERIA Y ENERGIA | |
| 250 | _a4A ED. | ||
| 260 |
_aArgentina _bAMERICA ASOCIATION _c2001 |
||
| 260 | _aS.L. | ||
| 300 | _a303 | ||
| 500 |
_aEN CIBGZ-FIMCP D-28130 _5.00 PARA ING. ALIM.- MHP.. |
||
| 650 | _aBALANCE DE ENERGIA | ||
| 650 | _aBALANCE DE MATERIA | ||
| 650 | _aPROBLEMAS Y EJERCICIOS | ||
| 942 | _c01 | ||
| 010 | _a39458 | ||
| 999 |
_c220379 _d220379 |
||